| 000 | 04557cam a22004574i 4500 | ||
|---|---|---|---|
| 003 | PE-LiUPU | ||
| 005 | 20250731183413.0 | ||
| 008 | 180725s2017 sp a r 000 0 spa d | ||
| 020 | _a9788461764976 | ||
| 035 | _a(Sirsi) a249382 | ||
| 040 |
_aPE-LiUPU _bspa _cPE-LiUPU _erda |
||
| 041 | 1 |
_aspa _aeng |
|
| 049 | _aPRUA | ||
| 082 | 0 | 4 |
_a724.6 _bS2 _220 |
| 245 | 0 | 0 |
_aSANAA : _bSejima & Nishizawa, 1990-2017 / _cedición Luis Fernandez Galiano. |
| 246 | 3 | 0 | _aSejima and Nishizawa, 1990-2017 |
| 246 | 3 | 0 | _aSejima y Nishizawa, 1990-2017 |
| 264 | 1 |
_aMadrid : _bArquitectura Viva, _c 2017. |
|
| 300 |
_a352 páginas : _bilustraciones ; _c31 centímetros |
||
| 336 |
_atext _2rdacontent |
||
| 337 |
_aunmediated _2rdamedia |
||
| 338 |
_avolume _2rdacarrier |
||
| 505 | 0 | _aSANAA en sueños -- Cuestión de maquetas -- Paisaje, tiempo, verbos -- I. Kazuyo Sejima y asociados -- Residencia de mujeres Saishunkan Seiyaku, 1990-1991, Kumamoto (Japón) -- Edificio de apartamentos Gifu Kitagata, 1994-1998, Gifu (Japón) -- Casa pequeña, 1999-2000, Tokio (Japón) -- Casa en una huerto con ciruelos, 2001-2003, Tokio (Japón) -- Pabellón multiusos en Onishi, 2003-2007, Gunma (Japón) -- Apartamentos Seijo, 2005-2007, Seijo (Japón) -- Apartamentos Okurayama, 2006-2008, Yokohama (Japón) -- Centro Toyota Aizuma, 2006-2010, Aichi (Japón) -- Pabellones de arte Inujima, 2007-2013, Okayama (Japón) -- Edificio de oficinas Shibaura, 2008-2011,Tokio (Japón) -- Casa Nishinoyama, 2009-2013, Kyoto (Japón) -- Central de la imprenta Yoshida, 2010-2014, Tokio (Japón) -- II. Oficina de Ryue Nishizawa -- Casa de fin de semana, 1997-1998, Gunma (Japón) -- Casa Moriyama, 2002-2005, Tokio (Japón) -- Edificio de apartamentos Eda, 2002, Kanagawa (Japón) -- Casa A, 2004-2007, Tokio (Japón) -- Museo de Arte Teshima, 2004-2010, Kagawa (Japón) -- Centro de arte Towada, 2005-2008, Aomori (Japón) -- Jardín y casa, 2006-2011, Tokio (Japón) -- Museo Hiroshi Senju Karuizawa, 2007-2011, Nagano (Japón) -- Casa Terasaki, 2010-2014, Kanagawa (Japón) -- Casa en Kita-Kamkura, 2010-, Kanagawa (Japón) -- Pabellón 'cubierta y setas', 2013, Kyoto (Japón) -- Pabellón Fukita, 2013, Kagawa (Japón) -- III. SANAA / Sejima y Nishizawa -- Estudio multimedia en Ogaki, 1995-1996, Gifu (Japón) -- Casa S, 1995-1996, Okayama (Japón) -- Museo O, 1995-1999, Nagamo (Japón) -- Park café en Koga,1996-1998, Ibaraki (Japón) -- Teatro y centro cultural de Kunstlinie, 1998-2007, Almere, (Países Bajos) -- Museo de arte contemporáneo de Kanazawa, 1999-2004, Ishikawa (Japón) -- Pabellón de vidrio del museo de Toledo, 2001-2006, Ohio (Estados Unidos) -- Edificio Dior Omotesando, 2002-2004, Tokio (Japón) -- Edificio de oficinas para Novartis, 2002-2007, Basilea, (Suiza) -- Nuevo museo de arte contemporáneo, 2002-2007, Nueva York (Estados Unidos) -- Ampliación del IVAM, 2002, Valencia, (España) -- Escuela de Gestión y Diseño Zollverein, 2003-2006, Essen, (Alemania) -- Terminal de transbordadores Naoshima, 2003-2006, Kagawa (Japón) -- Centro de Aprendizaje EPFL, 2005-2012, Lausana, (Suiza) -- Museo Louvre-Lens, 2005-2010, Lens (Francia) -- Edificio para la factoría Vitra, 2006-2012, Weil am Rhein, (Alemania) -- Pabellón de la Serpentine Gallery, 2009, Londres (Reino Unido) -- La Samaritaine, 2010, París (Francia) -- Grace Farms, 2012-2015, Connecticut (Estados Unidos) -- Campus de la Universidad Bocconi, 2013-, Milán, (Italia) -- Centro Cultural de Taichung, 2013-, Taichung, (Taiwán) -- Escuela de bellas artes de Bezalel, 2013-, Jerusalén, (Israel) -- Proyecto moderno de Sydney, 2015-, Sydney, (Australia) -- Nueva Galería Nacional, Liget Budapest, 2016-, Budapest, (Hungría). | |
| 526 | _aP158 | ||
| 526 | _aP146 | ||
| 526 | _aP17 | ||
| 526 | _aP12 | ||
| 526 | _aP06 | ||
| 534 |
_pTítulo original : _tSustainable architecture |
||
| 541 | _g003-002098; | ||
| 650 | 0 | 4 |
_aEmpresas de arquitectura _zJapón. |
| 650 | 0 | 4 | _aPráctica de arquitectura, internacional. |
| 650 | 0 | 4 |
_aArquitectura, Moderna _ySiglo XXI. |
| 650 | 0 | 4 |
_aArquitectura, Moderna _ysiglo XX. |
| 700 | 1 |
_aFernandez Galiano, Luis, _d 1950-, _eeditor. |
|
| 910 |
_adbm _bcsm _ccsm _d20180725 |
||
| 942 |
_2ddc _cBOOK |
||
| 994 |
_aC0 _bPEPRU |
||
| 596 | _a1 | ||
| 999 |
_a724.6 S2 _wDEWEY _c28948 _i79126 _d28948 _f2021-11-10 _g4 _lCCODEBUL1 _mBUL _p69.66 _q2 _r0 _sY _tBOOK _u2018-7-25 _xINGENIERIA _PP25 _0COMPRA _1FCOMPRA _o.STAFF. Colección Ingeniería y Arquitectura |
||
| 980 |
_81 _gALBERTO SANCHEZ Responsable de Automatización |
||